ACF Fiorentina Squad 2015-2016 - Statistics

General Stats
  • This quiz has been taken 17 times
  • The average score is 14 of 32
Answer Stats
# Position Nation Player % Correct
13 DF Italy Davide Astori
92%
- Coach Portugal Paulo Sousa
92%
20 MF Spain Borja Valero
85%
12 GK Romania Ciprian Tătărușanu
85%
30 FW Senegal Khouma Babacar
85%
9 FW Croatia Nikola Kalinić
85%
2 DF Argentina Gonzalo Rodríguez
77%
72 MF Slovenia Josip Iličić
77%
11 FW Croatia Ante Rebić
62%
10 FW Italy Federico Bernardeschi
62%
14 MF Chile Matías Fernández
62%
8 MF Uruguay Matías Vecino
62%
27 FW Spain Cristian Tello
54%
32 DF Argentina Facundo Roncaglia
54%
23 DF Italy Manuel Pasqual
46%
5 MF Croatia Milan Badelj
46%
25 DF Tunisia Yohan Benalouane
46%
4 DF Serbia Nenad Tomović
38%
22 FW Italy Giuseppe Rossi
31%
18 MF Spain Mario Suárez
31%
16 FW Poland Jakub Błaszczykowski
23%
24 GK Italy Luca Lezzerini
23%
3 DF Brazil Gilberto
15%
21 MF Spain Joan Verdú
15%
33 GK Italy Luigi Sepe
15%
28 DF Spain Marcos Alonso
15%
7 FW Argentina Mauro Zárate
15%
26 MF Greece Panagiotis Kone
15%
6 MF Argentina Tino Costa
15%
90 FW Uruguay Jaime Báez
8%
27 MF Montenegro Marko Bakić
8%
15 DF Croatia Ricardo Bagadur
8%
No matching quizzes found
Score Distribution
Percent of People with Each Score
Percentile by Number Answered
Your Score History
You have not taken this quiz